000 00689cab a2200217 4500
001 ABS38464
008 090401t1987 xxu||||| |||| 00| 0 eng d
035 _a(Sirsi) u10817
041 _aeng
100 _aBurns, A.
245 4 _aThe QS as an expert witness - 11
260 _c1987
350 _a0
490 _aChartered Quantity Surveyor
_v10(3) November 1987, 21(2)
520 _aIn this second article on the role of the quantity surveyor as an expert witness, the authors explain how he should write his report .
650 _aREPORT WRITING
690 _aMANAGEMENT-BUSINESS MANAGEMENT-PROFESSIONAL PRACTICE
700 _aMusgrave, R.
942 _n0
948 _c04/03/1997
999 _c6882
_d6882